El agua.
Guardado en:
| Formato: | |
|---|---|
| Materias: | |
| Etiquetas: |
Agregar Etiqueta
Sin Etiquetas, Sea el primero en etiquetar este registro!
|
| LEADER | 00781ngm a22002055g 4500 | ||
|---|---|---|---|
| 001 | CEM.cems022939 | ||
| 008 | 130507b2009##################0###0#####d | ||
| 005 | 20241127144403.0 | ||
| 245 | 0 | 0 | |a El agua. |
| 300 | |a 27'. | ||
| 500 | |a En soporte VHS, consultar en ventanilla. | ||
| 505 | 0 | |a El problema del agua. Agotamiento de los recursos hídricos. Distintos usos del agua. Tipos de contaminación. Distribución del agua en el mundo. Causas de su disminución. | |
| 538 | |a Soporte: VHS - Norma: Pal N - Color: Si - Grabación DRD 2009 - Hitachi=4675 | ||
| 082 | 9 | 1 | |/ ENC |
| 653 | |a AGUA | ||
| 653 | |a RECURSOS HIDRICOS | ||
| 653 | |a CONTAMINACION | ||
| 653 | |a NIVEL PRIMARIO | ||
| 653 | |a NIVEL SECUNDARIO | ||
| 859 | |a CEMS |b BIB. CEMS - Depto. Recursos Didacticos |h 910 |i ENC |k DRD |p 1582.12 |t Ej.1 | ||
